1364 1619 1752 1450 1205 1066 1129 1597 1919 1509 1220 1411 1587 1517 1562 1187 1353 1075 1463 1869 1044 1352 1052 1458 1452 1137 1301 1247 1198 1364 1755 1687 1357 1211 1288 1489 1015 1506 1791 1038 1932 1915 1725 1120 1926 1685 1035 1787 1134 1213 1078 1755 1544 1160 1225 1578 1375 1389 1654 1023 1995 1259 1080 1422 1044 1637 1339 1216 1652 1217 1576 1034 1287 1050 1934 1521 1784 1958 1827 1077 1016 1995 1106 1238 1588 1636 1250 1114 1093 1478 1240 1956 1779 1887 1294 1477 1680 1666 1682 BCNSPRNW ULIB Ver.6.0+V

เปลี่ยนเป็นภาษาไทย

Change to English
 แสดงรายละเอียดบรรณานุกรม
  กลับหน้าหลัก

Brief Record : Get Marc (ISO 2709) : E-mail record : QR code < ปิดหน้าต่าง
LEADER : 00000nam 2200000uu 4500
001    13399111026
003     ULIB
008    110615s||||||||th 000 0 tha d
020    9749712129
050  4 B130^bป362ป 2547
100 0  ประยงค์ แสนบุราณ
245 10 ปรัชญาอินเดีย /^cประยงค์ แสนบุราณ
250    พิมพ์ครั้งที่ 1
260    กรุงเทพฯ :^bโอเดียนสโตร์,^c2547
300    244 หน้า ;^c22 ซม.
650  7 ปรัชญาอินเดีย
945    ^p170^l0^i022434
945    ^p170^l0^i022433
995    ทศพร
999 ^a ใช้งานได้ทุกระบบ
รายการนี้ยังไม่มีแท็ก
คุณยังไม่ได้ล็อกอิน คุณสามารถมีกิจกรรมร่วมกับเว็บไซต์ได้ แต่ต้องล็อกอินก่อน ::
  ล็อกอิน

รายการสื่อสารสนเทศ

ลำดับที่ ประเภท เลขเรียก/บาร์โค้ด สถานที่ สถานะ
- ไม่พบข้อมูล -

รายการใกล้เคียง
    ผู้แต่ง [ประยงค์ แสนบุราณ]

    หัวเรื่อง [ปรัชญาอินเดีย]

BibComment


ยังไม่เคยถูกคอมเมนท์

คอมเมนท์ทรัพยากรรายการนี้
  คอมเมนท์: ปรัชญาอินเดีย ปร..


 Copyright 2026. Bcnsprnw @Library